Just grace and the terrible tutu / (Record no. 3542)
[ view plain ]
| 000 -LEADER | |
|---|---|
| fixed length control field | 00970nam a22002537a 4500 |
| 001 - CONTROL NUMBER | |
| control field | 3542 |
| 003 - CONTROL NUMBER IDENTIFIER | |
| control field | FISKH |
| 005 - DATE AND TIME OF LATEST TRANSACTION | |
| control field | 20240318103750.0 |
| 008 - FIXED-LENGTH DATA ELEMENTS--GENERAL INFORMATION | |
| fixed length control field | 240318b cb ||||| |||| 00| 0 eng d |
| 040 ## - CATALOGING SOURCE | |
| Original cataloging agency | FISK |
| Language of cataloging | eng |
| Transcribing agency | FISK |
| Modifying agency | FISK |
| 050 ## - LIBRARY OF CONGRESS CALL NUMBER | |
| Classification number | PZ7.H231323 |
| 082 ## - DEWEY DECIMAL CLASSIFICATION NUMBER | |
| Classification number | 405 |
| 100 ## - MAIN ENTRY--PERSONAL NAME | |
| Personal name | Harper Charise Mericle |
| Dates associated with a name | 1948- |
| 245 ## - TITLE STATEMENT | |
| Title | Just grace and the terrible tutu / |
| Statement of responsibility, etc. | Charise Mericle Harper |
| 260 ## - PUBLICATION, DISTRIBUTION, ETC. | |
| Place of publication, distribution, etc. | New York : |
| Name of publisher, distributor, etc. | Houghton Miffin Books, |
| Date of publication, distribution, etc. | 2011 |
| 300 ## - PHYSICAL DESCRIPTION | |
| Extent | 166 pages : |
| Other physical details | illustrations, |
| Dimensions | 20 cm |
| 490 ## - SERIES STATEMENT | |
| Series statement | Book 7 |
| 505 ## - FORMATTED CONTENTS NOTE | |
| Formatted contents note | O |
| 520 ## - SUMMARY, ETC. | |
| Summary, etc. | Eight-year-old Grace is excited to learn that her best friend, Mimi, is going to become an older sister, but when both try to be "mother's helpers" for a family renting a house on their street, little Lily likes Grace best, causing Mimi to doubt herself and Grace to form a plan to fix things. |
| 521 8# - TARGET AUDIENCE NOTE | |
| Target audience note | 820 |
| Source | Lexile |
| 700 ## - ADDED ENTRY--PERSONAL NAME | |
| Personal name | Charise Mericle Harper |
| 942 ## - ADDED ENTRY ELEMENTS (KOHA) | |
| Source of classification or shelving scheme | Dewey Decimal Classification |
| Koha item type | Books |
| Suppress in OPAC | No |
| Withdrawn status | Lost status | Source of classification or shelving scheme | Damaged status | Not for loan | Collection | Home library | Current library | Shelving location | Date acquired | Total Checkouts | Full call number | Barcode | Date last seen | Date last checked out | Copy number | Price effective from | Koha item type |
|---|---|---|---|---|---|---|---|---|---|---|---|---|---|---|---|---|---|
| Dewey Decimal Classification | Fiction | Footprints International School Library Network Toul Kork Campus | Footprints International School Library Network Toul Kork Campus | TTP Secondary Fiction Bookshelves | 03/18/2024 | 1 | Har PZ7.H231323 405 | 2024-0359 | 03/05/2025 | 03/03/2025 | 1 | 03/18/2024 | Books |
